Guess the mystery Noah Kahan song - Statistics

General Stats
  • This quiz has been taken 114 times
  • The average score is 87 of 149
Answer Stats
Hint Answer % Correct
. I
99%
. a
96%
. A
96%
. the
92%
. The
92%
. And
76%
. and
76%
. my
75%
. I'm
74%
. me
72%
. am
71%
. in
69%
. not
69%
. so
68%
. that
68%
. it
67%
. is
65%
. of
65%
. but
64%
. all
63%
. They
63%
. on
61%
. or
61%
. For
60%
. for
60%
. As
58%
. there
58%
. home
57%
. It's
57%
. here
53%
. I've
53%
. over
53%
. from
51%
. back
50%
. far
50%
. just
50%
. Oh
50%
. oh
50%
. still
50%
. Feel
49%
. feel
49%
. got
49%
. road
49%
. their
49%
. between
47%
. knew
47%
. last
47%
. again
46%
. dog
46%
. down
46%
. minute
46%
. two
46%
. villages
46%
. death
44%
. lost
44%
. things
44%
. bridge
43%
. everything's
43%
. mile
43%
. people
43%
. scared
43%
. wheel
42%
. angry
40%
. cars
40%
. grippin'
40%
. reverse
40%
. skin
40%
. surrounded
40%
. world
40%
. washin'
39%
. rush
38%
. dreams
36%
. Leave
36%
. valley
36%
. homes
35%
. seventeen
35%
. simple
35%
. stretch
35%
. Alger
33%
. Brook
33%
. happy
33%
. Passed
33%
. blood
32%
. curve
32%
. begins
31%
. bugs
31%
. middle
31%
. Air
28%
. lungs
28%
. Earth
26%
. 'Til
26%
. seemed
24%
. splitting
24%
. meaning
21%
No matching quizzes found
Score Distribution
Percent of People with Each Score
Percentile by Number Answered
Your Score History
You have not taken this quiz